Statistics for Famous Movie Scenes #3

Click here to take the quiz!

General Stats

  • This quiz has been taken 1,692 times
    (1,639 since last reset)
  • The average score is 9 of 20

Answer Stats

SceneMovie% Correct
Girl skips down a yellow road with a flurry of people singing behind herThe Wizard of Oz
87%
Man in prison revives a mouseThe Green Mile
72%
Man thinks their boat is too smallJaws
71%
Man enters fridge to escape bombIndiana Jones and the Kingdom of the Crystal Skull
58%
An animal is held by a monkey in front of a crowd of other animalsLion King
53%
Man's boat pierces a wall resembling the skyThe Truman Show
50%
Objects hold each others hands as they wait for their death at an incenaratorToy Story 3
49%
Four Somali pirates takeover a large vesselCaptain Phillips
48%
A girl's bedroom is eclipsed by a flying houseUp
48%
Creature lifts up his helmet to the distaste of a princessShrek
45%
A shot is heard as we see an animal running awayBambi
44%
Man drops a mug of coffee as he looks at a bulletin boardThe Usual Suspects
39%
Man has sex while gazing at himself in the mirrorAmerican Psycho
35%
A nurse is strangled by a patient (who is wearing a hat)One Flew Over the Cuckoo's Nest
33%
We see close ups of three men's eyes and guns before a shot is firedThe Good, the Bad and the Ugly
30%
"Police Officer"/robot goes THROUGH a gate when his right hand gets caughtTerminator 2: Judgment Day
26%
Man holds up his hands but needs a drink of waterThe Incredibles
21%
Man opens door to find another man (wearing shoes covers) shoot himThe Departed
18%
To cover up them hiding a girl, two friends make up a scene from their fake playMonsters, Inc.
13%
Man holds up his hands but needs to answer the telephoneDie Hard
12%

Score Distribution

Percentile by Number Answered

Percent of People with Each Score

Your Score History

You have not taken this quiz since the last reset